000 01410cam a2200433 a 4500
001 22217
003 VRT
005 20260323134140.0
008 251029s1988 xo 000 f slo
015 _aSNBA1988/07
035 _aSNK000064400
035 _aurn:nbn:sk:snk-amjbc9
035 _aurn:nbn:sk:snk-am002l26
035 _a072182DB-B33D-4C99-9985-77E308796BA4
039 9 _a202510291158
_bVLOAD
_c202506040849
_dVLOAD
_c202411221322
_dmsnk115
_c202403181907
_dVLOAD
040 _aSNK
_bslo
_cSNK
_eAACR2
041 1 _aslo
_hswe
044 _axo
_cSK
080 _a839.7-3
_21981
100 1 _aWahlgren, Anna
_4aut
240 1 0 _aMannen i kjol
_lSlovensky
245 1 0 _aMuž v sukni
_cAnna Wahlgren ; [zo švéd. orig. ... prel. Jarmila Cihová]
250 _a1. vyd.
260 _aBratislava
_bSmena
_c1988
_eBratislava
_fPravda
300 _a160 s.
_c21 cm
366 _e32000 výt.
490 1 _aEva
_vzv. 105
500 _aIlustr. na front.
655 7 _apsychologické romány
_2SNKPH
655 7 _asatirické romány
_2SNKPH
655 7 _ašvédske romány
_2SNKPH
700 1 _aCihová, Jarmila,
_d1957-
_4trl
830 0 _aEva
942 _2ddc
_cKLDO
_n0
949 _64710702872
_91
_astrmkB
_bstrmk2008/2872
949 _63869A10979
_abpksh839.7-3
_bbpksh66664
949 _617A1138313
_asnkSC 71890 D1
_bsnkKSP 4805/88
_s6100:20140925
999 _c22217
_d22217